000 00647cam a2200217 a 4500
999 _c6097
_d6097
001 1828
003 BD-DhUAP
005 20201224141948.0
008 201224s1992 nyua b 001 0 eng
020 _a0023982411
040 _aDLC
_cDLC
_dBD-DhUAP
_beng
082 0 0 _a658.15 RAO
_223
100 1 _aRao, Ramesh K. S.
245 1 0 _aFinancial management :
_bconcepts and applications /
_cRamesh K.S. Rao.
250 _a2nd ed.
260 _aNew York :
_bMacmillan,
_cc1992.
300 _axxvi, 864 pages :
_billustrations ;
_c24 cm.
504 _aIncludes bibliographical references and index.
650 0 _aCorporations
_xFinance.
942 _2ddc
_cBK